WWE Hall of Fame - Statystyki

Ogólne statystyki
  • Ten quiz został rozwiązany 13 razy
  • Średni wynik to 42 z 227
Statystyki odpowiedzi
Rok Hall of Fame % Poprawnych
2025 Triple H
100%
1996 Vincent J. McMahon
100%
2023 Rey Mysterio
91%
2022 The Undertaker
91%
2025 Bret "The Hitman" Hart vs. "Stone Cold" Steve Austin
82%
2021 Kane
82%
1993 André the Giant
73%
2012 Edge
73%
2005 Hulk Hogan
73%
2011 Shawn Michaels
73%
2009 "Stone Cold" Steve Austin
73%
2006 Bret Hart
64%
2006 Eddie Guerrero
64%
2018 Goldberg
64%
2024 Paul Heyman
64%
2014 The Ultimate Warrior
64%
2005 Bob Orton Jr.
55%
2007 Dusty Rhodes
55%
2015 Kevin Nash
55%
2014 Lita
55%
2013 Mick Foley
55%
2015 Randy Savage
55%
2008 Ric Flair
55%
2013 Bruno Sammartino
45%
2017 Kurt Angle
45%
2015 Rikishi
45%
2020 The Bella Twins
45%
2018 The Dudley Boyz
45%
2013 Trish Stratus
45%
2016 Big Boss Man
36%
2010 Gorgeous George
36%
1994 James Dudley
36%
2020 John "Bradshaw" Layfield
36%
2025 Lex Luger
36%
2018 Mark Henry
36%
2021 Molly Holly
36%
2021 Rob Van Dam
36%
2005 Roddy Piper
36%
2010 Ted DiBiase
36%
2005 The Iron Sheik
36%
2007 The Sheik
36%
2022 Vader
36%
2012 Yokozuna
36%
2013 Booker T
27%
2007 Curt Hennig
27%
2019 D-Generation X
27%
2013 Donald Trump
27%
2021 Eric Bischoff
27%
1995 George "The Animal" Steele
27%
2014 Jake Roberts
27%
2007 Jim Ross
27%
2014 Paul Bearer
27%
2014 Razor Ramon
27%
2017 Rick Rude
27%
2016 Snoop Dogg
27%
2016 Sting
27%
2020 The British Bulldog
27%
2021 The Great Khali
27%
2019 The Hart Foundation
27%
2019 The Honky Tonk Man
27%
2020 The New World Order
27%
2022 The Steiner Brothers
27%
2017 Beth Phoenix
18%
2004 Big John Studd
18%
2018 Boris Malenko
18%
1996 "Captain" Lou Albano
18%
2017 Diamond Dallas Page
18%
2025 Dory Funk Sr.
18%
2011 Jim Duggan
18%
2005 Jimmy Hart
18%
1996 Jimmy "Superfly" Snuka
18%
2004 Junkyard Dog
18%
1996 Killer Kowalski
18%
2018 Lord Alfred Hayes
18%
2008 Mae Young
18%
2014 Mr. T
18%
2024 Muhammad Ali
18%
2005 Nikolai Volkoff
18%
2021 Ozzy Osbourne
18%
1996 Pat Patterson
18%
2008 Peter Maivia
18%
2009 Ricky Steamboat
18%
2012 Ron Simmons
18%
2004 Sgt. Slaughter
18%
2018 Stan Stasiak
18%
2008 The Brisco Brothers
18%
2009 The Funks
18%
2016 The Godfather
18%
2023 The Great Muta
18%
2024 Thunderbolt Patterson
18%
2004 Tito Santana
18%
2020 Titus O'Neil
18%
2015 Alundra Blayze
9%
2023 Andy Kaufman
9%
2010 Antonio Inoki
9%
2009 Bill Watts
9%
2011 Bob Armstrong
9%
2013 Bob Backlund
9%
2004 Bobby Heenan
9%
2020 Brickhouse Brown
9%
2019 Bruiser Brody
9%
2019 Brutus Beefcake
9%
1994 Buddy Rogers
9%
2024 Bull Nakano
9%
2014 Carlos Colón Sr.
9%
2015 Connor "The Crusher" Michalek
9%
2018 Cora Combs
9%
2021 Dick the Bruiser
9%
2004 Don Muraco
9%
2011 Drew Carey
9%
2017 Dr. Jerry Graham
9%
2008 Eddie Graham
9%
2018 El Santo
9%
2017 Eric LeGrand
9%
2021 Ethel Johnson
9%
2016 Frank Gotch
9%
2020 Gary Hart
9%
2006 Gene Okerlund
9%
2016 George Hackenschmidt
9%
2008 Gordon Solie
9%
1994 Gorilla Monsoon
9%
2019 Harlem Heat
9%
2004 Harley Race
9%
2017 Haystacks Calhoun
9%
2009 Howard Finkel
9%
2025 Ivan Koloff
9%
1995 Ivan Putski
9%
2018 Ivory
9%
2016 Jacqueline
9%
2018 Jeff Jarrett
9%
2007 Jerry Lawler
9%
2020 Jushin Thunder Liger
9%
2009 Koko B. Ware
9%
2015 Larry Zbyszko
9%
2024 Lia Maivia
9%
2016 Lou Thesz
9%
2019 Luna Vachon
9%
2017 Martin Burns
9%
2010 Maurice Vachon
9%
2025 Michelle McCool
9%
2012 Mike Tyson
9%
2016 Mildred Burke
9%
2007 Mr. Fuji
9%
2007 Nick Bockwinkel
9%
1995 Pedro Morales
9%
2022 Queen Sharmell
9%
2017 Rikidōzan
9%
2008 Rocky Johnson
9%
2018 Rufus R. Jones
9%
2022 Shad Gaspard
9%
2006 Sherri Martel
9%
2019 Special Delivery Jones
9%
2018 Sputnik Monroe
9%
2023 Stacy Keibler
9%
2016 Stan Hansen
9%
2020 Steve Williams
9%
2010 Stu Hart
9%
2019 Sue Aitchison
9%
2011 Sunny
9%
2015 Tatsumi Fujinami
9%
2006 The Blackjacks
9%
2015 The Bushwhackers
9%
2016 The Fabulous Freebirds
9%
1995 The Fabulous Moolah
9%
2012 The Four Horsemen
9%
2025 The Natural Disasters
9%
2017 Theodore Long
9%
2011 The Road Warriors
9%
2017 The Rock 'n' Roll Express
9%
2024 The U.S. Express
9%
1996 The Valiant Brothers
9%
2009 The Von Erichs
9%
2023 Tim White
9%
2006 Tony Atlas
9%
2019 Torrie Wilson
9%
2019 Toru Tanaka
9%
2006 Verne Gagne
9%
2010 Wendi Richter
9%
2011 Abdullah the Butcher
0%
1995 Antonino Rocca
0%
2015 Arnold Schwarzenegger
0%
1994 Arnold Skaaland
0%
2016 Art Thomas
0%
2020 Baron Michele Leone
0%
2017 Bearcat Wright
0%
1994 Bobo Brazil
0%
2010 Bob Uecker
0%
2019 Buddy Rose
0%
2021 Buzz Sawyer
0%
1994 Chief Jay Strongbow
0%
1994 "Classy" Freddie Blassie
0%
2018 Dara Singh
0%
2016 Ed Lewis
0%
1995 Ernie Ladd
0%
2004 Greg Valentine
0%
2018 Hillbilly Jim
0%
2018 Hiro Matsuda
0%
2019 Hisashi Shinma
0%
2018 Jarrius "JJ" Robertson
0%
2004 Jesse Ventura
0%
2019 Jim Barnett
0%
2018 Jim Londos
0%
2016 Joan Lunden
0%
1996 Johnny Rodz
0%
2019 Joseph Cohen
0%
2017 Judy Grable
0%
2017 June Byers
0%
2025 Kamala
0%
2018 Kid Rock
0%
2017 Luther Lindsay
0%
1996 Mikel Scicluna
0%
2012 Mil Máscaras
0%
2016 Pat O'Connor
0%
2021 Paul Boesch
0%
2005 Paul Orndorff
0%
2004 Pete Rose
0%
2021 Pez Whatley
0%
2019 Primo Carnera
0%
2020 Ray Stevens
0%
2021 Rich Hering
0%
2004 "Superstar" Billy Graham
0%
1995 The Grand Wizard
0%
2007 The Wild Samoans
0%
2017 Toots Mondt
0%
2019 Wahoo McDaniel
0%
2006 William Perry
0%
2020 William Shatner
0%
Nie znaleziono quizów pasujących do podanych kryteriów
Rozkład punktacji
Procent ludzi z każdym wynikiem
Percentyl według liczby udzielonych odpowiedzi
Twoja historia wyników
Nie rozwiązałeś tego quizu